01484nab a22002537a 4500999001500000003000400015005001700019008004100036040000700077100003400084245010000118260007200218300001100290500003500301505034400336505020900680505008900889650002300978650003101001650003001032650002901062773012601091942001301217 c5497d5497OSt20251209140743.0190502c xxu||||| |||| 00| 0 spa d cPJ 96488aMorosi, Guillermo E. H.13aLa unificación de condenas a partir de la reforma de la ley 27.785 /cGuillermo E. H. Morosi. aCiudad Autónoma de Buenos Aires :bThomson Reuters La Ley,c2025. ap. 3-5 aCita Online: AR/DOC/1540/2025. aSumario: I. Introducción.— II. Breves consideraciones preliminares sobre la unificación de condenas.— III. El segundo párrafo del art. 58 del Cód. Penal y su inconsistencia con el régimen del concurso real.— IV. Etiología y finalidad de la reforma legislativa.— V. Problemas constitucionales. Interpretación sugerida. tFallo comentado: TS Córdoba, sala penal ~ 19/04/2018 ~ D., M. J. p.s.a producción, publicación o distribución de imágenes pornográficas de menores de 18 años, etc. s/ recurso de casación. t¿Te interesa el texto completo? Solicitalo al correo: koha@justierradelfuego.gov.ar 09343aDERECHO PENAL 096489aUNIFICACION DE PENAS 092681aCONCURSO DE DELITOS 094597aCONSTITUCIONALIDAD0 0272993180dBuenos Aires : LexisNexis, 2006-tRevista de derecho penal y procesal penal. Nº 8 - Agosto 2025z9875920622 2udccANA